Complex analysis

Wedi'i Gadw mewn:
Manylion Llyfryddiaeth
Prif Awdur: SAXENA, Pratisksha
Fformat: Llyfr
Iaith:Saesneg
Cyhoeddwyd: Ane Books 2019
Tagiau: Ychwanegu Tag
Dim Tagiau, Byddwch y cyntaf i dagio'r cofnod hwn!

MARC

LEADER 00000nam a22000007a 4500
008 240221b |||||||| |||| 00| 0 eng d
020 |a 9789388264549 
100 |a SAXENA, Pratisksha 
245 |a Complex analysis  |c /Pratisksha, Saxena  |g xiv, 429p;ill 
260 |b Ane Books  |c 2019  |h New Delhi  |i 701636  |i 701637  |l QA331.7.Sa9  |m Functions of complex variables  |m Mathematical analysis 
942 |a lcc  |c BK  |e Johnson  |f 21/02/24 
952 |0 0  |1 0  |2 lcc  |4 0  |6 QA03317 S A9  |7 0  |9 4856  |a SL  |b HOL  |c QZ  |d 2024-02-21  |l 0  |o QA331.7.Sa9  |p 2024-0109  |r 2024-02-21 00:00:00  |t 701636  |w 2024-02-21  |y BK 
952 |0 0  |1 0  |2 lcc  |4 0  |6 QA03317 S A9  |7 0  |9 4857  |a HOL  |b HOL  |c QZ  |d 2024-02-21  |l 0  |o QA331.7.Sa9  |p 2024-0110  |r 2024-02-21 00:00:00  |t 701637  |w 2024-02-21  |y BK 
999 |c 2422  |d 2422